| 000 | 00472nam a2200181Ia 4500 | ||
|---|---|---|---|
| 003 | GCL | ||
| 008 | 140319s9999 xx 000 0 eng d | ||
| 040 |
_aGCL / _cGCL |
||
| 082 | 0 | 4 |
_a297.122 _bN L |
| 100 | 1 | _aNADWI, ABDULLAH ABBAS | |
| 245 | 1 | 0 |
_aLEARN THE LANGUAGE OF THE HOLY QURAN / _cNADWI, ABDULLAH ABBAS |
| 260 |
_a[S.N] : _bDAR AL SHOROUK ، _c1979 |
||
| 300 | _a412\P | ||
| 650 | 0 | 4 | _aنجد |
| 650 | 0 | 4 | _aKORAN - GRAMMER |
| 650 | 0 | 4 | _aKORAN |
| 942 |
_2ddc _cBK |
||
| 999 |
_c12334 _d12334 |
||